000 nam a22 7a 4500
999 _c29316
_d29316
008 171125b xxu||||| |||| 00| 0 eng d
020 _a9966221573
050 _aAFR PL 8703.5 .N558 1999
100 _aNjogu Kimani
245 _aUfundishaji wa Fasihi :
_bNadharia na mbinu /
_cNjogu Kimani, Rocha Chimerah.
250 _a1st ed.
260 _aKenya:
_bJomo Kenyatta Foundation,
_c1999.
300 _axii, 409p.
_bincludes bibliographical references and index.
_c24cm
650 _aSwahili
942 _2lcc
_cBOOKS
_hAFR PL 8704.5 .N558 1999